Linear optimization and extentions. (Record no. 744494)

MARC details
000 -LEADER
fixed length control field 00665nam a2200241Ia 4500
003 - CONTROL NUMBER IDENTIFIER
control field OSt
005 - DATE AND TIME OF LATEST TRANSACTION
control field 20220928112407.0
008 - FIXED-LENGTH DATA ELEMENTS--GENERAL INFORMATION
fixed length control field 220927b |||||||| |||| 00| 0 eng d
037 ## - SOURCE OF ACQUISITION
Terms of availability Textual
040 ## - CATALOGING SOURCE
Original cataloging agency SDCL
Transcribing agency SDCL
Language of cataloging eng
041 ## - LANGUAGE CODE
Source of code eng
Language code of text/sound track or separate title eng
100 ## - MAIN ENTRY--PERSONAL NAME
Personal name Alevras Dimitris
9 (RLIN) 427739
245 #0 - TITLE STATEMENT
Title Linear optimization and extentions.
260 ## - PUBLICATION, DISTRIBUTION, ETC.
Place of publication, distribution, etc. New Delhi
Name of publisher, distributor, etc. Springer
Date of publication, distribution, etc. 2001
300 ## - PHYSICAL DESCRIPTION
Extent ix,449p.
Dimensions cm.
700 ## - ADDED ENTRY--PERSONAL NAME
Personal name Padberg Manfred W
9 (RLIN) 427740
942 ## - ADDED ENTRY ELEMENTS (KOHA)
Classification part B28931, P1
Koha item type Textual
Source of classification or shelving scheme Colon Classification (CC)
Holdings
Withdrawn status Lost status Damaged status Not for loan Home library Current library Date acquired Total Checkouts Full call number Barcode Date last seen Price effective from Koha item type
        South Campus Library South Campus Library 2022-09-28   B28931 P1 SC0502486 2022-09-28 2022-09-28 Textual
Copyright @ Delhi University Library System